[Event "Montpellier op 4th"]
[Site "Montpellier"]
[Date "2009.??.??"]
[Round "8"]
[White "Cassam Chenai, Eric"]
[Black "Coraboeuf, Alain"]
[Result "1-0"]
[WhiteElo "1931"]
[BlackElo "1734"]
[PlyCount "77"]
[EventDate "2009.12.26"]
[EventType "swiss"]
[EventRounds "9"]
[EventCountry "FRA"]
[SourceTitle "CBM 134 Extra"]
[Source "ChessBase"]
[SourceDate "2010.03.03"]
[SourceVersion "1"]
[SourceVersionDate "2010.03.03"]
[SourceQuality "1"]

1. e4 d6 2. Nc3 c6 3. d4 a6 4. f4 g6 5. Nf3 Bg7 6. a4 Qc7 7. Bc4 e6 8. 0-0 Ne7 9. Qe1 0-0 10. Be3 d5 11. Bd3 Nd7 12. g4 dxe4 13. Nxe4 Nd5 14. Ne5 N7f6 15. c4 Nxe3 16. Qxe3 Nxe4 17. Bxe4 f5 18. Bf3 Qe7 19. g5 Qb4 20. Qc3 Qe7 21. c5 Rd8 22. Rfd1 Bd7 23. b4 Rac8 24. h4 Be8 25. Rab1 Rc7 26. Qe3 Bxe5 27. dxe5 Rcd7 28. Rd6 h5 29. Rbd1 Rxd6 30. Rxd6 Rxd6 31. exd6 Qf7 32. Qe5 Bd7 33. Kf2 Qg7 34. Qxg7+ Kxg7 35. Ke3 Kf7 36. Kd4 Kf8 37. b5 axb5 38. axb5 Kf7 39. b6 1-0